Swedish words - Statistics

General Stats
  • This quiz has been taken 91 times
  • The average score is 13 of 15
Answer Stats
Hint Answer % Correct
strawberry jordgubbar
97%
pineapple ananas
96%
hello hej
96%
swedish svenska
96%
fat fet
92%
computer dator
90%
shoes skor
89%
truck traktor
89%
black svart
87%
nail nagel
85%
car bil
84%
sausage korv
81%
pretty fin
73%
ugly ful
70%
clean ren
66%
No matching quizzes found
Score Distribution
Percent of People with Each Score
Percentile by Number Answered
Your Score History
You have not taken this quiz